000 00475nam a22001817a 4500
005 20250824185507.0
008 250823b |||||||| |||| 00| 0 eng d
020 _a9780143472889
041 _aeng
082 _a650.1 SIN
100 _aSingh,K P
245 _aWhy The Hack Not Blueprints foe sucess from the Man Who Built DLF
260 _aHaryana
_bPenguin Random House
_c2024
300 _a331;, p 24 cm
700 _aJain,Aparna
773 _aBusiness
942 _cBK
999 _c46471
_d46471